Music Quiz

Random Music or Clickable Quiz

'His & Her' Song Titles Quiz Stats

 Plays Quiz Updated Dec 30, 2017

Also try: 'Your' Song Titles
Challenge
Share
Tweet
Embed
Score 0/20 Timer 03:00
6 Plays Today
% Correct
Hands
95.2%
There
94.8%
Shoes
93.4%
Right
93.2%
Lady
93.1%
Seen
92.8%
Laura
92.5%
Love
91.8%
Go
88.7%
It
88.1%
% Correct
Miss
85.1%
Song
84.1%
Madly
81.5%
Kiss
80.6%
Flame
78.2%
No
67.2%
Cry
66.8%
Town
63.1%
Again
61.2%
Diamonds
44.8%

You're not logged in!

Compare scores with friends on all Sporcle quizzes.
Join for Free
OR
Log In

You Might Also Like...

Show Comments

Extras

Top Quizzes Today


Score Distribution

Your Account Isn't Verified!

In order to create a playlist on Sporcle, you need to verify the email address you used during registration. Go to your Sporcle Settings to finish the process.

Report this User

Report this user for behavior that violates our Community Guidelines.

Details: